Sports Quiz

Random Sports Quiz

Washington Nationals Rookies 2012 Quiz Stats

 Plays Quiz not verified by Sporcle

Score 0/6 Timer 01:00
0 Plays Today
% Correct
Bryce Harper
90.9%
Tyler Moore
65.9%
Jhonatan Solano
43.2%
Eury Perez
36.4%
Christian Garcia
22.7%
Sandy Leon
20.5%

You're not logged in!

Compare scores with friends on all Sporcle quizzes.
OR
Log In

You Might Also Like...

Show Comments

Extras

Top Quizzes Today


Score Distribution

Your Account Isn't Verified!

In order to create a playlist on Sporcle, you need to verify the email address you used during registration. Go to your Sporcle Settings to finish the process.

Report this User

Report this user for behavior that violates our Community Guidelines.

Details: